| 000 -LEADER |
| fixed length control field |
00767nam a22001817a 4500 |
| 001 - CONTROL NUMBER |
| control field |
6255 |
| 003 - CONTROL NUMBER IDENTIFIER |
| control field |
BD-DhUAP |
| 005 - DATE AND TIME OF LATEST TRANSACTION |
| control field |
20201112145450.0 |
| 008 - FIXED-LENGTH DATA ELEMENTS--GENERAL INFORMATION |
| fixed length control field |
201112s1989 bg |||| |||| 00| 0 ben d |
| 040 ## - CATALOGING SOURCE |
| Original cataloging agency |
BD-DhUAP |
| Language of cataloging |
Ben |
| Transcribing agency |
BD-DhUAP |
| Modifying agency |
BD-DhUAP |
| 082 ## - DEWEY DECIMAL CLASSIFICATION NUMBER |
| Edition number |
23 |
| Classification number |
891.4409 SAM |
| 245 ## - TITLE STATEMENT |
| Title |
সমকালীন বাংলা সাহিত্য / |
| Statement of responsibility, etc. |
খান সারওয়ার মুরশিদ কর্তৃক সম্পাদিত। |
| 260 ## - PUBLICATION, DISTRIBUTION, ETC. |
| Place of publication, distribution, etc. |
ঢাকা : |
| Name of publisher, distributor, etc. |
এশিয়াটিক সোসাইটি, |
| Date of publication, distribution, etc. |
১৯৮৯। |
| 300 ## - PHYSICAL DESCRIPTION |
| Extent |
৪০৬ পৃষ্ঠা ; |
| Dimensions |
২২ সেমি.। |
| 650 ## - SUBJECT ADDED ENTRY--TOPICAL TERM |
| Topical term or geographic name entry element |
Bengali literature |
| Form subdivision |
History and criticism. |
| 700 ## - ADDED ENTRY--PERSONAL NAME |
| Personal name |
মুরশিদ, খান সারওয়ার। |
| 942 ## - ADDED ENTRY ELEMENTS (KOHA) |
| Source of classification or shelving scheme |
|
| Koha item type |
Book |